000 00438cam a2200145 a 4500
020 _a9780199664009 (hbk.)
020 _a0199664005 (hbk.)
050 0 0 _aHB 501
_b.R37
100 1 _aReiff, Mark R.,
245 1 0 _aExploitation and economic justice in the liberal capitalist state /
_cMark R. Reiff.
260 _aOxford :
_bOxford University Press,
_cc2013.
300 _a 348 p. :
650 0 _xMoral and ethical aspects.
942 _2lcc
_cGEN
999 _c5902
_d5902